书目信息 |
| 题名: |
儿童仰泳技术训练
|
|
| 作者: | 科玛 著 ;施艳君 , 侯海波 译 | |
| 分册: | ||
| 出版信息: | 北京 人民体育出版社 2002 |
|
| 页数: | 88页 | |
| 开本: | 20cm | |
| 丛书名: | ||
| 单 册: | ||
| 中图分类: | G861.12 | |
| 科图分类: | ||
| 主题词: | 仰泳 | |
| 电子资源: | ||
| ISBN: | 7-5009-2154-3 | |
| 000 | 00821nam0 2200241 45 | |
| 001 | 012002060694 | |
| 005 | 20041231112936.3 | |
| 010 | @a7-5009-2154-3@dCNY8.00 | |
| 100 | @a20020730d2002 demy0chiy0110 ea | |
| 101 | 1 | @achi@cger |
| 102 | @aCN@b110000 | |
| 105 | @aa z 000yy | |
| 200 | 1 | @a儿童仰泳技术训练@Aer tong yang yong ji shu xun lian@f(德)艾里斯·科玛著@F(De)Ai Li Si·Ke Ma Zhu@g施艳君,侯海波译 |
| 210 | @a北京@c人民体育出版社@d2002 | |
| 215 | @a88页@c图@d20cm | |
| 330 | @a本书讲解的技术部分包括仰泳技术、仰泳出发、仰泳平转身和仰泳前滚翻转身。另外,借助图片说明来展示运动过程中的各项技术。 | |
| 606 | 0 | @a仰泳 |
| 690 | @aG861.12@v4 | |
| 701 | 0 | @a科玛@4著 |
| 702 | 0 | @a施艳君@AShi Yan Jun@4译 |
| 702 | 0 | @a侯海波@AHou Hai Bo@4译 |
| 801 | 0 | @aCN@bNLC@c20020806 |
| 905 | @b341501-505@dG861.12@e31@f5 | |
| 儿童仰泳技术训练/(德)艾里斯·科玛著/施艳君,侯海波译.-北京:人民体育出版社,2002 |
| 88页:图;20cm |
| ISBN 7-5009-2154-3:CNY8.00 |
| 本书讲解的技术部分包括仰泳技术、仰泳出发、仰泳平转身和仰泳前滚翻转身。另外,借助图片说明来展示运动过程中的各项技术。 |
| ● |
| 相关链接 |
|
|
|
|
正题名:儿童仰泳技术训练
索取号:G861.12/31
 
预约/预借
| 序号 | 登录号 | 条形码 | 馆藏地/架位号 | 状态 | 备注 |
| 1 | 0341501 | 203415018 | 第一样本阅览室/ [索取号:G861.12/31] | 在馆 | |
| 2 | 0341502 | 203415027 | 第四借阅区/ [索取号:G861.12/31] | 在馆 | |
| 3 | 0341503 | 203415036 | 第四借阅区/ [索取号:G861.12/31] | 在馆 | |
| 4 | 0341504 | 203415045 | 第四借阅区/ [索取号:G861.12/31] | 在馆 | |
| 5 | 0341505 | 203415054 | 第四借阅区/ [索取号:G861.12/31] | 在馆 |